Survivor Winners Logic Puzzle Quiz Stats

 Plays Quiz not verified by Sporcle

Score 0/25 Timer 20:00
1 Play Today
Box Square % Correct
A1






???
100%
A3






???
78.5%
C3






???
74.5%
D2






???
62.1%
E1






???
58.3%
D1






???
55%
A5






???
48.3%
E5






???
44.6%
D5






???
43.4%
E2






???
40.6%
B5






???
37.3%
C1






???
32.8%
D3






???
32.4%
Box Square % Correct
D4






???
28.3%
A4






???
26.3%
C2






???
25.8%
B2






???
25%
B1






???
24.9%
C5






???
22.6%
A2






???
22.3%
E3






???
21.6%
E4






???
20.9%
B3






???
20.1%
B4






???
20%
C4






???
19.7%

You're not logged in!

Compare scores with friends on all Sporcle quizzes.
OR
Log In

Show Comments

Extras

Top Quizzes Today


Score Distribution

Your Account Isn't Verified!

In order to create a playlist on Sporcle, you need to verify the email address you used during registration. Go to your Sporcle Settings to finish the process.

Report this User

Report this user for behavior that violates our Community Guidelines.

Details: